"Is" Cliches - Statistics

General Stats
  • This quiz has been taken 59,451 times
  • The average score is 14 of 22
Answer Stats
First Part Second Part % Correct
the grass is always greener on the other side
97%
blood is thicker than water
85%
life is like a box of chocolates
84%
the pen is mightier than the sword
82%
time is money
79%
home is where the heart is
78%
the love of money is the root of all evil
70%
ignorance is bliss
69%
laughter is the best medicine
69%
beauty is only skin deep
66%
hindsight is 20/20
62%
a bird in the hand is worth two in the bush
61%
talk is cheap
58%
the devil is in the details
57%
a penny saved is a penny earned
56%
truth is stranger than fiction
52%
necessity is the mother of invention
49%
cleanliness is next to Godliness
48%
imitation is the sincerest form of flattery
48%
the road to hell is paved with good intentions
47%
variety is the spice of life
45%
a mind is a terrible thing to waste
39%
No matching quizzes found
Score Distribution
Percent of People with Each Score
Percentile by Number Answered
Your Score History
You have not taken this quiz